​i like the way you kiss me - Artemas - All Lyrics - Statistics

General Stats
  • This quiz has been taken 174 times
  • The average score is 315 of 374
Answer Stats
Answer % Correct
I
99%
kiss
99%
like
99%
me
99%
me,
99%
the
99%
uh
99%
way
99%
you
99%
you,
99%
You
99%
you)
99%
miss
97%
can
95%
Can
95%
tell
94%
a
91%
be
90%
Do
90%
from
90%
it
90%
romantic,
90%
back,
88%
get
88%
so
88%
(So
88%
don't
87%
(Don't
87%
hit
86%
tryna
86%
attached
85%
just
85%
Not
85%
I'll
79%
(I'll
79%
hits,
72%
hits
72%
I'm
72%
on
68%
when
68%
proud?
67%
proud?)
67%
proud,
67%
proud
67%
your
67%
of
66%
baby,
64%
make
64%
for
60%
out
60%
out)
60%
out?
60%
'Cause
59%
down
59%
down)
59%
scene?
59%
(Scene)
59%
wanna
59%
You’re
59%
around
58%
let
58%
my
58%
'round?
58%
we
57%
lip
56%
and
55%
(And
55%
knees,
55%
take
55%
but
54%
But
54%
find
54%
taste
54%
you'll
53%
bite
52%
case
52%
grace
50%
with
50%
heat
49%
turn
49%
Said
48%
scared
48%
such
47%
say
46%
Stick
46%
loud?
44%
(Loud)
44%
stay
44%
Does
42%
done,
40%
here
40%
stress
38%
help
36%
we'rе
1%
you'rе
1%
No matching quizzes found
Score Distribution
Percent of People with Each Score
Percentile by Number Answered
Your Score History
You have not taken this quiz